Sports Quiz

Random Sports or WWE Quiz

WrestleMania 7 by Pictures Quiz Stats

Quiz not verified by Sporcle

Challenge
Share
Tweet
Score 0/24 Timer 05:00
0 Plays Today
% Correct
Hulk Hogan
99.6%
Sgt. Slaughter
97.1%
The Ultimate Warrior
96.5%
The Undertaker
96.3%
Randy Savage
95.9%
Mr. Perfect
94.6%
Big Boss Man
94.6%
Road Warrior Animal
93.5%
Paul Bearer
93.4%
Road Warrior Hawk
93.2%
Ted DiBiase
92.8%
Jake Roberts
92.3%
% Correct
Jimmy Snuka
91.8%
The British Bulldog
91.8%
Jimmy Hart
91.8%
Earthquake
89.4%
The Mountie
87.3%
Howard Finkel
86.7%
Smash
84.5%
Crush
78.4%
Rick Martel
74.8%
Virgil
64.8%
General Adnan
64.2%
The Warlord
61.9%

You're not logged in!

Compare scores with friends on all Sporcle quizzes.
Sign Up with Email
OR
Log In

You Might Also Like...

Show Comments

Extras

Top Quizzes Today


Score Distribution

Your Account Isn't Verified!

In order to create a playlist on Sporcle, you need to verify the email address you used during registration. Go to your Sporcle Settings to finish the process.